Statistiques concernant Expressions de la langue française utilisant le mot ventre

Cliquez ici pour prendre le quiz!

Statistiques générales

  • Ce quiz a été pris 99 fois
  • Le résultat moyen est 8 sur 14

Statistiques - réponses

IndiceMot% Correct
avoir les ... plus gros que le ventreyeux
96%
être rassasié : avoir le ventre ....plein
93%
être effrayé : avoir la ... au ventrepeur
91%
ventre (populaire) : avoir mal au ....bide
88%
ramper : à ... ventreplat
88%
avoir faim, avoir le ventre ....creux
80%
à grande vitesse : ventre à ....terre
70%
courageux : avoir du ... au ventrecoeur
51%
Baladi et Shaabi : la... du ventredanse
51%
ventre affamé n'a pas d'...oreilles
43%
gratitude : avoir la .... du ventrereconnaissance
37%
roman de Zola : le ventre de ...Paris
36%
jeûner : .... contre son ventrebouder
4%
rire à ventre ....déboutonné
1%

Distribution des résultats

Percentile par nombre de réponses

% des personnes avec chaque résultat

Votre développement - résultats

Vous n’avez pas pris ce quiz